UBT Library

Psychiatric-mental health nursing / (Record no. 42859)

000 -LEADER
fixed length control field 00719cam a22002658a 4500
001 - CONTROL NUMBER
control field 17665777
005 - DATE AND TIME OF LATEST TRANSACTION
control field 20180220032055.0
008 - FIXED-LENGTH DATA ELEMENTS--GENERAL INFORMATION
fixed length control field 130318s2013 pau b 001 0 eng
010 ## - LIBRARY OF CONGRESS CONTROL NUMBER
LC control number 2013011047
020 ## - INTERNATIONAL STANDARD BOOK NUMBER
International Standard Book Number 9781451187892
035 ## - SYSTEM CONTROL NUMBER
System control number (DNLM)101604228
040 ## - CATALOGING SOURCE
Original cataloging agency DNLM/DLC
Transcribing agency DLC
041 ## - LANGUAGE CODE
Language code of text/sound track or separate title eng
042 ## - AUTHENTICATION CODE
Authentication code pcc
060 10 - NATIONAL LIBRARY OF MEDICINE CALL NUMBER
Classification number WY 160
080 ## - UNIVERSAL DECIMAL CLASSIFICATION NUMBER
Universal Decimal Classification number 616.890231 VID
082 00 - DEWEY DECIMAL CLASSIFICATION NUMBER
Classification number 616.890231 VID
Edition number 23
100 1# - Rafti
Rafti 3
101 ## - Shkurtesa
Shkurtesa INF
245 10 - TITLE STATEMENT
Title Psychiatric-mental health nursing /
Statement of responsibility, etc Sheila L. Videbeck ; illustrations by Cathy J. Miller.
263 ## - PROJECTED PUBLICATION DATE
Projected publication date 1307
504 ## - BIBLIOGRAPHY, ETC. NOTE
Bibliography, etc Includes bibliographical references and index.
906 ## - LOCAL DATA ELEMENT F, LDF (RLIN)
a 7
b cbc
c orignew
d 1
e ecip
f 20
g y-gencatlg
942 ## - ADDED ENTRY ELEMENTS (KOHA)
Source of classification or shelving scheme
Item type Books
Holdings
Withdrawn status Lost status Source of classification or shelving scheme Damaged status Not for loan Collection code Permanent location Current location Shelving location Date acquired Total Checkouts Full call number Barcode Date last seen Price effective from Koha item type
          Koleksioni i përgjithshem UBT - Lipjan UBT - Lipjan Koleksioni i përgjithshem 02/20/2018   616.890231 VID 002-2998375 02/20/2018 02/20/2018 Books
          Koleksioni i përgjithshem UBT - Lipjan UBT - Lipjan Koleksioni i përgjithshem 06/09/2021   610.73 VID 002-7003888 06/09/2021 06/09/2021 Books
UBT Library © 2015-2024. All rights reserved University Education for Business and Technology